Last 100 words of the Communist Manifesto - Statistics

General Stats
  • This quiz has been taken 94 times
  • The average score is 35 of 100
Answer Stats
Words % Correct
a
89%
the
85%
The
85%
to
73%
of
67%
world
65%
World,
65%
no
59%
proletarians
54%
and
52%
be
52%
Unite!
50%
they
49%
They
49%
for
43%
have
43%
their
43%
in
41%
but
40%
can
40%
all
38%
chains.
33%
Men
33%
at
32%
that
32%
nothing
30%
social
29%
by
27%
lose
27%
revolution.
22%
labour
21%
as
20%
what
20%
win.
20%
Working
20%
countries.
18%
communists
16%
its
15%
classes
13%
time.
13%
ruling
12%
these
12%
only
11%
bring
9%
conditions.
7%
existing
7%
Let
7%
property
7%
union
7%
aims.
6%
Communistic
6%
each,
6%
overthrow
6%
conceal
5%
declare
5%
disdain
5%
ends
5%
openly
5%
views
5%
democratic
4%
forcible
4%
attained
2%
development
2%
parties
2%
tremble
2%
agreement
1%
degree
1%
everywhere
1%
Finally,
1%
front,
1%
leading
1%
matter
1%
movements
1%
question
1%
question,
1%
No matching quizzes found
Score Distribution
Percent of People with Each Score
Percentile by Number Answered
Your Score History
You have not taken this quiz